000
00316nam a22001457a 4500
020
_a
0-521-67087-X
082
_a
920
_b
JAM/R
100
_a
JAMES,IOAN
245
_a
REMARKABLE PHYSICISTS
250
_a
FIRST
260
_a
SOUTH AFRICA
_b
CAMBRIDGE
300
_a
389
650
_a
BIOGRAPHY
_z
SOUTH AFRICA
942
_c
BK
999
_c
6202
_d
6202